000 00775cam a22002653a 4500
001 6384
003 PGUSA
005 20140828083131.0
008 040801s2004||||xxu|||||s|||||000 1 eng d
040 _aPGUSA
_beng
042 _adc
050 4 _aPS
100 1 _aWright, Harold Bell,
_d1872-1944
245 1 0 _aThat Printer of Udell's :
_bA Story of the Middle West
_h[electronic resource] /
_cHarold Bell Wright
260 _bProject Gutenberg,
_c2004
506 _aPublic domain in the USA.
516 _aElectronic text
653 _aMiddle West -- Fiction
653 _aPrinters -- Fiction
653 _aChristian fiction
653 _aYoung men -- Fiction
830 0 _aProject Gutenberg
_v6384
856 4 0 _uhttp://www.gutenberg.org/ebooks/6384
942 _cEB
999 _c235707
_d235707